| 000 | 00968nam a2200265 i 4500 | ||
|---|---|---|---|
| 003 | DO-SdBNP | ||
| 005 | 20240119083318.0 | ||
| 007 | ta | ||
| 008 | 240119b1876 dr ||||| |||| 00| 0 spa d | ||
| 040 |
_aDO-SdBNP _bspa _cBNPHU _erda |
||
| 082 | 4 | _222 | |
| 100 |
_926153 _aGarcía, José Gabriel, _d1834-1910 _eautor |
||
| 245 | 1 | 0 |
_aMemorias para la historia de Quisqueya / _b _cJosé Gabriel García |
| 264 |
_aSanto Domingo : _bDe García Hermanos, _c1876. |
||
| 300 |
_avolumen ; _c24 cm. |
||
| 336 |
_2rdacontent _atexto _btxt |
||
| 337 |
_2rdamedia _asin mediación _bn |
||
| 338 |
_2rdacarrier _avolumen _bnc |
||
| 500 | _aIncluye referencias bibliográficas y notas al pie de las páginas | ||
| 500 | _aLa biblioteca posee el volumen 1 | ||
| 500 | _aLa antigua parte española de Santo Domingo desde el descubrimiento de la isla hasta la constitución de la República Dominicana | ||
| 590 | _aInventariado, 2024/BT | ||
| 910 | _aBtavárez | ||
| 942 |
_2ddc _cLBS1 |
||
| 999 |
_c55734 _d55734 |
||